Władcy Polski i plemienia polan do dziś (wszyscy) - Statystyki

Ogólne statystyki
  • Ten quiz został rozwiązany 2 208 razy
  • Średni wynik to 56 z 106
Statystyki odpowiedzi
Hint Odpowiedź % Poprawnych
ok. 960–992 Mieszko I
98%
992–1025 Bolesław I Chrobry
96%
1025–1031 | 1032–1034 Mieszko II Lambert
91%
1333–1370 Kazimierz III Wielki
86%
2015- Andrzej Duda
83%
1764–1795 Stanisław August Poniatowski
82%
1386–1434 Władysław II Jagiełło
82%
1098–1138 Bolesław III Krzywousty
81%
1990-1995 Lech Wałęsa
81%
1384–1399 Jadwiga Andegaweńska
80%
2005-2010 Lech Kaczyński
80%
2010-2015 Bronisław Komorowski
79%
1039 –1058 Kazimierz I Odnowiciel
79%
1191 | 1198–1199 | 1199–1202 Mieszko III Stary
78%
1995-2005 Aleksander Kwaśniewski
77%
1289 Władysław I Łokietek
77%
1306–1333 Władysław IV Łokietek
77%
1985-1990 (częściowo komuna) Wojciech Jaruzelski
76%
1674–1696 Jan III Sobieski
74%
Naczelnik od 1918 Józef Piłsudski
73%
1576–1586 Stefan Batory
71%
1506–1548 Zygmunt I Stary
71%
1058–1079 Bolesław II Szczodry
70%
1587–1632 Zygmunt III Waza
70%
1031–1032 Bezprym
69%
1573–1575 Henryk Walezy
68%
1733–1763 August III Sas
66%
1697–1704 | 1709–1733 August II Mocny
66%
1944-1952 (Komuna) Bolesław Bierut
66%
1922 Gabriel Narutowicz
66%
IX w. Siemowit
66%
1434–1444 Władysław III Warneńczyk
64%
1370–1382 Ludwik Węgierski
63%
1548–1572 Zygmunt II August
63%
1926-1939 Ignacy Mościcki
62%
1290–1291 | 1295–1296 Przemysł II
62%
X w. Siemomysł
62%
1669–1673 Michał Korybut Wiśniowiecki
60%
1704–1709 | 1733–1736 Stanisław Leszczyński
60%
1648–1668 Jan II Kazimierz
59%
1492–1501 Jan I Olbracht
59%
1173–1177 Mieszko III Stary
59%
1194–1198 | 1199 | 1206-1210 | +2 others Leszek I Biały
58%
1291–1305 Wacław II
58%
1305–1306 Wacław III
58%
1447–1492 Kazimierz IV Jagiellończyk
57%
1079–1086 | 1086–1102 Władysław I Herman
57%
X w. Lestek
56%
1632–1648 Władysław IV Waza
56%
1288 Bolesław II mazowiecki
55%
1229–1232 Konrad I mazowiecki
55%
1241–1243 Konrad Mazowiecki
55%
1289 Bolesław II mazowiecki
54%
1575–1586 Anna Jagiellonka
53%
1098–1107 Zbigniew
52%
1279–1288 Leszek Czarny
51%
1138–1146 Władysław II Wygnaniec
51%
1501–1506 Aleksander Jagiellończyk
50%
1825–1855 Mikołaj I Pawłowicz
46%
1815–1825 Aleksander I Pawłowicz
44%
Księstwo Warszawskie 1807–1815 Fryderyk August I
44%
1922-1926 Stanisław Wojciechowski
44%
1146–1173 Bolesław IV Kędzierzawy
43%
1894–1917 Mikołaj II Aleksandrowicz
43%
1989-1990 (Na uchodźstwie) Ryszard Kaczorowski
41%
1238–1241 Henryk II Pobożny
39%
1177–1191 | 1191–1194 Kazimierz II Sprawiedliwy
39%
1202–1206 | 1228–1229 Władysław III Laskonogi
39%
1225 | 1232–1238 Henryk I Brodaty
36%
1881–1894 Aleksander III Aleksandrowicz
32%
1917-1918 (Rada) Rada Regencyjna
32%
1243–1279 Bolesław V Wstydliwy
31%
1964-1968 Edward Ochab
27%
1210–1211 Mieszko IV Plątonogi
26%
1032–1033 Otto Bolesławowic
26%
1970-1972 Józef Cyrankiewicz
25%
1241 Bolesław II Rogatka
23%
1939-1947(Na uchodźstwie) Władysław Raczkiewicz
20%
1922 (tymczasowo) Maciej Rataj
19%
1288–1289 | 1289–1290 Henryk IV Prawy
18%
1032–1033 Dytryk
17%
1917 Michał II Aleksandrowicz
16%
1972-1985 Henryk Jabłoński
14%
1086–1089 Mieszko Bolesławowic
14%
1986-1989 (Na uchodźstwie) Kazimierz Sabbat
12%
1855–1881 Aleksander II Mikołajewicz
11%
1952-1964 Aleksander Zawadzki
10%
1947-1972 (Na uchodźstwie) August Zaleski
10%
1979-1986 (Na uchodźstwie) Edward Bernard Raczyński
8%
1968-1970 Marian Spychalski
8%
1972-1979 (Na uchodźstwie) Stanisław Ostrowski
7%
Nie znaleziono quizów pasujących do podanych kryteriów
Rozkład punktacji
Procent ludzi z każdym wynikiem
Percentyl według liczby udzielonych odpowiedzi
Twoja historia wyników
Nie rozwiązałeś tego quizu